LEADER 05104nam 22006255 450 001 996308831003316 005 20221206173341.0 010 $a3-11-039907-5 010 $a3-486-85884-X 024 7 $a10.1515/9783486858846 035 $a(CKB)2560000000312341 035 $a(SSID)ssj0001404600 035 $a(PQKBManifestationID)12567554 035 $a(PQKBTitleCode)TC0001404600 035 $a(PQKBWorkID)11382924 035 $a(PQKB)11686495 035 $a(MiAaPQ)EBC1394781 035 $a(DE-B1597)241596 035 $a(OCoLC)979875357 035 $a(OCoLC)980246482 035 $a(DE-B1597)9783486858846 035 $a(EXLCZ)992560000000312341 100 $a20190615d2014 fg 101 0 $ager 135 $aurmn#|||||||| 181 $ctxt$2rdacontent 182 $cc$2rdamedia 183 $acr$2rdacarrier 200 00$aArbeit im Nationalsozialismus /$fMarc Buggeln, Michael Wildt 210 1$aMünchen ;$aWien : $cDe Gruyter Oldenbourg, $d[2014] 210 4$d©2014 215 $a1 online resource (xxxvii, 401 pages) $cillustrations; digital, PDF file(s) 300 $a"Papers delivered at conference at Internationales Geisteswissenschaftliches Kolleg, entitled "Arbeit und Lebenslauf in globalgeschichtlicher Perspektive," Humboldt-Universita?t zu Berlin, 13-15 December 2012." 311 $a3-486-76538-8 327 $t Frontmatter -- $tInhalt -- $tArbeit im Nationalsozialismus (Einleitung) / $rBuggeln, Marc / Wildt, Michael -- $tTeil I: Ideologien und Praxen der Arbeit -- $tDer Begriff der Arbeit bei Hitler / $rWildt, Michael -- $tAmbivalenzen der Arbeit / $rKocka, Jürgen -- $tHaushalt, Betrieb, Ehrenamt / $rKramer, Nicole -- $tVon der Arbeitsvermittlung zum "Arbeitseinsatz" / $rLinne, Karsten -- $tDie "Arbeitsschlacht" als Krisenüberwindung / $rHumann, Detlev -- $tArbeit und Arbeitsfront: Ideologie und Praxis / $rHachtmann, Rüdiger -- $tDie Betriebs- und die Volksgemeinschaft als Grundlage des "neuen" NS-Arbeitsrechts / $rBecker, Martin -- $tForschungen des Kaiser-Wilhelm-Instituts für Arbeitsphysiologie im Nationalsozialismus / $rRaehlmann, Irene -- $tTeil II: Bilder und Inszenierungen der Arbeit -- $tKorporativismus, Arbeit und Propaganda im faschistischen Italien / $rSchembs, Katharina -- $tArbeit und Gemeinschaft / $rScharnberg, Harriet -- $tVon roter Glut zu brauner Asche? / $rPrehn, Ulrich -- $tVom Proletarier zum ,Soldaten der Arbeit / $rMarszolek, Inge -- $tTeil III: Von der Kollaboration bis zur Vernichtung -- $tUnfreie Arbeit im Nationalsozialismus / $rBuggeln, Marc -- $tGeschichte und Erinnerung der NS-Zwangsarbeit als lebensgeschichtlich reflektierte Arbeitserfahrung / $rThonfeld, Christoph -- $t"Unsere abgebrochene Südostecke ..." / $rRutar, Sabine -- $tArbeit in den Gettos: Rettung oder temporärer Vernichtungsaufschub? / $rLöw, Andrea -- $t"Arbeitsscheue Volksgenossen" Leistungsbereitschaft als Kriterium der Inklusion und Exklusion / $rHörath, Julia -- $tSelektion und Segregation. Vernichtung und Arbeit am Beispiel Mittelbau-Dora / $rWagner, Jens-Christian -- $tRationalisierung des KZ-Systems 1943-1945 / $rHördler, Stefan -- $tTeil IV: Statt eines Schlusses: Interview der Herausgeber mit Alf Lüdtke -- $t"Deutsche Qualitätsarbeit": Mitmachen und Eigensinn im Nationalsozialismus - Interview von Marc Buggeln und Michael Wildt mit Alf Lüdtke (Göttingen, 19.02.2014) -- $tDank 330 $aArbeit war ein zentraler Begriff des Nationalsozialismus. Innerhalb der herzustellenden "Volksgemeinschaft" diente "Arbeit" als zentrales Praxisfeld von Inklusion der "Volksgenossinnen und Volksgenossen". In den Konzentrationslagern der Vorkriegszeit bildete Arbeit das entscheidende Mittel der "Erziehung", um Häftlinge in "Volksgenossen" zu verwandeln. Im Krieg wurde Zwangsarbeit zur entscheidenden Ressource für die Fortführung der Rüstungsproduktion. Und schließlich entschied "Arbeitsfähigkeit" über Leben und Tod von Juden, Roma und Sinti, sowjetischen Kriegsgefangenen, KZ-Häftlingen, Zwangsarbeitern. Dieser Vielschichtigkeit von Arbeit als sozialer, politischer, kultureller Praxis im Nationalsozialismus nähern sich die Beiträge des Bandes aus unterschiedlichen Perspektiven an, um Kontinuitäten und Differenzen von "Arbeit im Nationalsozialismus" kenntlich zu machen. Die Beiträger/innen des Bandes stellen sich vor der Buchpublikation einem öffentlichen Reviewprozess: http://arbeit-im-nationalsozialismus.degruyter.com/ 606 $aNational socialism and labor$vCongresses 606 $aLabor policy$zGermany$vCongresses 606 $aForced labor$zGermany$vCongresses 610 $aOpen Peer Review. 610 $acontemporary history. 610 $asocial history. 615 0$aNational socialism and labor 615 0$aLabor policy 615 0$aForced labor 676 $a306.09 686 $aNQ 2290$2rvk 702 $aBuggeln$b Marc, 702 $aWildt$b Michael, 801 0$bDE-B1597 801 1$bDE-B1597 906 $aBOOK 912 $a996308831003316 996 $aArbeit im Nationalsozialismus$92219672 997 $aUNISA LEADER 03633nam 22005415 450 001 996500669503316 005 20240117171423.0 010 $a3-0356-2377-5 024 7 $a10.1515/9783035623772 035 $a(CKB)5580000000489473 035 $a(DE-B1597)575577 035 $a(DE-B1597)9783035623772 035 $a(MiAaPQ)EBC7158580 035 $a(Au-PeEL)EBL7158580 035 $a(OCoLC)1356995244 035 $a(MiAaPQ)EBC30609776 035 $a(Au-PeEL)EBL30609776 035 $a(PPN)267164459 035 $a(OCoLC)1369645971 035 $a(EXLCZ)995580000000489473 100 $a20230103h20222023 fg 101 0 $aeng 135 $aur||#|||||||| 181 $ctxt$2rdacontent 182 $cc$2rdamedia 183 $acr$2rdacarrier 200 10$aInhabited Machines $eGenealogy of an Architectural Concept /$fMoritz Gleich 205 $a1st ed. 210 1$aBasel :$cBirkhäuser,$d[2022] 210 4$d©2023 215 $a1 online resource (400 p.) 225 0 $aExploring Architecture 311 $a3-0356-2376-7 327 $tFrontmatter --$tContents --$tForeword --$tINTRODUCTION --$tI. Climate --$tTHE DISCOVERY OF AIR --$tTHE LABORATORY MACHINE --$tCENTRAL SYSTEMS --$tTHE HOUSES OF PARLIAMENT --$tII. Morals --$tREFORM PLANS --$tTHE PANOPTIC INSTRUMENT --$tMORAL MOTORS --$tTHE MODEL PRISON --$tIII. Comfort --$tPHYSICAL WELL-BEING --$tTHE PROJECT FOR THE CONSTRUCTION OF NEW HOUSES --$tAMBASSADORS OF AMENITY --$tSANITARY ARCHITECTS --$tCOMFORT MACHINES --$tTHE REFORM CLUB --$tCONCLUSION --$tBibliography --$tImage Credits --$tIndex --$tACKNOWLEDGEMENTS --$tABOUT THE AUTHOR --$tImprint 330 $aAround 1800, one of the most influential architectural concepts of the last 250 years emerged?that of built spaces as technical devices. Climate, morality, and comfort are the three main themes of this study, and each is vividly examined in separate chapters through synchronous comparison and with the help of examples. The emergence of corresponding metaphors, knowledge, and construction forms is traced over a period of about 70 years. The author focuses particularly on the operative dimension of architecture. Thus, the book provides a historical perspective on a key topic for the future of architecture. The book is aimed at readers interested in architecture, technology or the cultural history of building and living. 330 $aUm 1800 entstand mit der Konzeption gebauter Räume als technische Geräte eines der einflussreichsten architektonischen Denkmodelle der letzten 250 Jahre. Klima, Moral und Komfort bilden die tragenden Themen dieser Untersuchung, die in je eigenen Kapiteln im synchronen Vergleich und anschaulich mithilfe von Beispielen untersucht werden. Verfolgt wird das Aufkommen entsprechender Metaphern, Wissensinhalte und Bauformen über eine Zeitspanne von rund 70 Jahren. Einen besonderen Fokus legt der Autor dabei auf die operative Dimension der Architektur. Damit leistet das Buch einen historischen Blick auf ein Zukunftsthema der Architektur. Zielgruppe des Buches sind Architektur- und Technikinteressierte sowie für die Kulturgeschichte des Bauens und Wohnens aufgeschlossene Leserinnen und Leser. 410 0$aExploring Architecture 606 $aARCHITECTURE / History / General$2bisacsh 615 7$aARCHITECTURE / History / General. 676 $a720.1 686 $aZH 4700$qDE-Ofb1/22$2rvk 700 $aGleich$b Moritz$4aut$4http://id.loc.gov/vocabulary/relators/aut$00 801 0$bDE-B1597 801 1$bDE-B1597 906 $aBOOK 912 $a996500669503316 996 $aInhabited Machines$93007336 997 $aUNISA